| 000 | 00896nam a22002897a 4500 | ||
|---|---|---|---|
| 001 | 8221 | ||
| 003 | FISKH | ||
| 005 | 20250903104402.0 | ||
| 008 | 250903b cb ||||| |||| 00| 0 eng d | ||
| 020 | _a9780516272979 | ||
| 040 |
_aFISKH _beng _cFISKH _dFISKH |
||
| 050 | _a G863 .F68 | ||
| 082 | _a919.8 | ||
| 100 | _aFowler, Allan | ||
| 245 |
_aAntarctica / _cBy Allan Fowler |
||
| 260 |
_aNew York : _bChildren's Press , _c2001. |
||
| 300 |
_a31 pages : _bcolor illustrations ; _c18 cm . |
||
| 490 | _aRookie Read-About Geography | ||
| 505 | _aJ | ||
| 520 | _aAn introduction to the continent of Antarctica, its geographical features, visitors, and animals. | ||
| 521 | 8 |
_a510
_bLexile estimate |
|
| 521 | 8 |
_aJ
_bRaz-Plus |
|
| 650 |
_aAntarctica _vJuvenile Literature |
||
| 700 |
_aAnderson, Caroline _ePhoto Researcher |
||
| 942 |
_2ddc _cBK _n0 |
||
| 999 |
_c8221 _d8221 |
||